Reconocimiento, participación e incidencia de los jóvenes en la formulación y desarrollo de políticas públicas en el municipio de Tunja a partir de la ley de juventud 375 de 1997 (Registro nro. 140654)

Detalles MARC
000 -CABECERA
campo de control de longitud fija 00619nam a2200157Ia 4500
001 - NÚMERO DE CONTROL
campo de control 140654
003 - IDENTIFICADOR DEL NÚMERO DE CONTROL
campo de control 232922
005 - FECHA Y HORA DE LA ÚLTIMA TRANSACCIÓN
campo de control 20240215112233.0
008 - DATOS DE LONGITUD FIJA--INFORMACIÓN GENERAL
campo de control de longitud fija ||||||n9999 ||| || ||
100 1# - ENTRADA PRINCIPAL--NOMBRE DE PERSONA
Nombre de persona Ariza Barbosa, Nilce
9 (RLIN) 172228
245 #0 - MENCIÓN DE TÍTULO
Título Reconocimiento, participación e incidencia de los jóvenes en la formulación y desarrollo de políticas públicas en el municipio de Tunja a partir de la ley de juventud 375 de 1997
562 ## - NOTA DE IDENTIFICACIÓN DE LA COPIA Y VERSIÓN
Número de copias 1
650 ## - PUNTO DE ACCESO ADICIONAL DE MATERIA--TÉRMINO DE MATERIA
Término de materia o nombre geográfico como elemento de entrada JÓVENES--POLÍTICAS PÚBLICAS--TUNJA (BOYACÁ, COLOMBIA)
9 (RLIN) 172229
650 ## - PUNTO DE ACCESO ADICIONAL DE MATERIA--TÉRMINO DE MATERIA
Término de materia o nombre geográfico como elemento de entrada PARTICIPACIÓN JUVENIL--TUNJA (BOYACÁ, COLOMBIA)
9 (RLIN) 172230
942 ## - ELEMENTOS DE PUNTO DE ACCESO ADICIONAL (KOHA)
Tipo de ítem Koha Tesis
Existencias
Estado de retiro Estado de pérdida Estado dañado No para préstamo Código de colección Localización permanente Ubicación/localización actual Fecha de adquisición Coste, precio normal de compra Total de préstamos Signatura topográfica completa Código de barras Fecha visto por última vez Fecha del último préstamo Número de copia Tipo de ítem Koha
        Trabajos de Grado Tunja - Sede Boyacá-Casanare Tunja - Sede Boyacá-Casanare 13/05/2022 0.00 1 BOY001 2011 BOY5521 14/05/2022 13/05/2022 1 Tesis